000 02515cam a2200313 i 4500
001 21051042
003 EG-ScBUE
005 20250512105839.0
008 190702s2020 nyua f b 001 0 eng d
020 _a9781138929708
040 _aDLC
_beng
_erda
_cDLC
_dDLC
_dEG-ScBUE
082 0 4 _a808.02
_222
_bLYO
100 1 _aLyons, Jeff,
_d1954-
_eauthor.
245 1 0 _aRapid story development :
_bhow to use the Enneagram-story connection to become a master storyteller /
_cJeff Lyons.
264 1 _aNew York ;
_aLondon :
_bRoutledge Taylor & Francis Group,
_c2020.
300 _axiii, 284 pages :
_billustrations ;
_c24 cm
336 _atext
_btxt
_2rdacontent
337 _aunmediated
_bn
_2rdamedia
338 _avolume
_bnc
_2rdacarrier
504 _aIncludes bibliographical references and index.
520 _a"This book offers a unique approach to storytelling, connecting the Enneagram system with classic story principles of character development, plot, and story structure to provide a seven-step methodology to achieve rapid story development. Using the nine-core personality styles underlying all human thought, feeling, and action, it provides the tools needed to understand and leverage the Enneagram-Story connection for writing success. Author Jeff Lyons starts with the basics of the Enneagram system and builds with how to discover and design the critical story structure components of any story, featuring supporting examples of the Enneagram-Story connection in practice across film, literature and TV. Readers will learn the fundamentals of the Enneagram system and how to utilise it to create multi-dimensional characters, master premise line development, maintain narrative drive, and create antagonists that are perfectly designed to challenge your protagonist in a way that goes beyond surface action to reveal the dramatic core of any story. Lyons explores the use of the Enneagram as a tool not only for character development, but for story development itself. This is the ideal text for intermediate and advanced level screenwriting and creative-writing students, as well as professional screenwriters and novelists looking to get more from their writing process and story structure"--
_cProvided by publisher.
650 7 _aAuthorship.
_2BUEsh
650 7 _aEnneagram system.
_2BUEsh
653 _cMay2025
_bART
655 _vReading book
906 _a7
_bcbc
_corignew
_d1
_eecip
_f20
_gy-gencatlg
942 _2ddc
_cBB
999 _c30970
_d30941